000 00391nam a2200133Ia 4500
005 20251222143156.0
008 251222s9999||||xx |||||||||||||| ||spa||
020 _a978-607-7620-22-8
082 _a657.3/R78
100 _aRojas Cataño, María de Lourdes
245 0 _aFundamentos de Análisis de Estados Financieros:
264 _bInstituto Mexicano de Contadores Públicos
942 _cLIB
999 _c12873
_d12873